| 000 | 00877nam a2200217 a 4500 | ||
|---|---|---|---|
| 001 | 000013292 | ||
| 005 | 20200929163204.0 | ||
| 008 | 091123s1978 sp 000 0 spa d | ||
| 020 | _z8400037650 | ||
| 040 |
_aDO-SdBNP _bspa _cBNPHU |
||
| 082 | _axxxx | ||
| 100 | 1 |
_aOrtíz de la Tabla Ducasse, Javier. _930486 |
|
| 245 | 1 | 0 |
_aComercio exterior de Veracruz, 1778-1821 : _b: crisis de dependencia / _cJavier Ortíz de la Tabla Ducasse. |
| 260 |
_aSevilla : _bEscuela de Estudios Hispano-Americanos, _c1978. |
||
| 300 |
_a456 p. : _bil. ; _c25 cm. |
||
| 490 | 1 |
_aPublicaciones de la Escuela de Estudios Hispano-Americanos de Sevilla _v. 214 |
|
| 500 | _aIncluye notas al pie de las páginas | ||
| 500 | _aIncluye índice | ||
| 710 | 2 |
_aEscuela de Estudios Hispano-Americanos _930487 |
|
| 830 | 0 |
_aPublicaciones de la Escuela de Estudios Hispano-Americanos de Sevilla _v214 _930488 |
|
| 999 |
_c12922 _d12922 |
||